000 00724nam a2200193 i 4500
001 184608
003 ES-MaACL
005 20251212171857.0
008 151027s1935 sp |||| | spa d
100 0 _aCrisógono de Jesús Sacramentado (
_d1904-1945)
_941621
245 1 0 _aSan Juan de la Cruz :
_bEl hombre, El doctor, El poeta /
_cpor el P. Crisógono de Jesús Sacramentado.
260 _aBarcelona, etc. :
_bLabor,
_c1935.
300 _a233 p. :
_b6 lám. ;
_c19 cm.
490 1 _aColección Pro Ecclesia et Patria ;
_v2
600 0 4 _aJuan de la Cruz,
_cSanto,
_d1542-1591
_967110
830 0 _aColección Pro Ecclesia et Patria ;
_v2
_9192193
852 _aES-MaACL
_jC-29135
999 _c184608
_d184608